MARC

LEADER 00000nam0a2200000 4500
001 10537
005 20231030183054.0
010 |a 522200645X 
035 |a (RuTPU)RU\TPU\book\10598 
035 |a BOOK00010664 
090 |a 10537 
100 |a 20011209d1998 m y0rusy50 ca 
101 1 |a rus  |c eng 
102 |a RU 
105 |a y z 000zb 
200 1 |a Гитлер и я  |e пер. с англ.  |f О. Штрассер 
210 |a Ростов-на-Дону  |c Феникс  |d 1998 
215 |a 382 с. 
600 1 |a Гитлер  |g Адольф  |b А.  |c настоящая фамилия Шикльгрубер  |f 1889-1945  |c фюрер Национал-социалистической партии Германии  |c глава германского фашистского государства  |2 stltpui  |3 (RuTPU)RU\TPU\pers\956 
610 1 |a история 
610 1 |a Германия 
610 1 |a 20 век 
610 1 |a фашизм 
686 |a Т3(4Г)  |v LBC/SL-A  |2 rubbk 
700 1 |a Штрассер  |b О.  |g Отто 
801 0 |a RU  |b 63413507  |c 20011209  |g PSBO 
801 2 |a RU  |b 63413507  |c 20040930  |g PSBO 
942 |c BK